[Event "MITROPA Cup 2014 WOMEN Section"]
[Site "Ruzomberok SLOVAKIA"]
[Date "2014.05.31"]
[Round "9"]
[Board "1"]
[White "Motycakova, Monika"]
[Black "Marikova, Jana"]
[Result "1-0"]
[WhiteElo "2091"]
[BlackElo "2094"]
[PlyCount "0"]
[EventDate "2014.05.23"]
[EventType "team"]
[EventRounds "9"]
[EventCountry "SVK"]
[WhiteTeam "Slovakia B"]
[BlackTeam "Czech republic B"]

1. e4 {[%clk 1:30:53]} c5 {[%clk 1:30:56]} 2. Nf3 {[%clk 1:31:13]} d6
{[%clk 1:31:21]} 3. d4 {[%clk 1:31:26]} cxd4 {[%clk 1:31:45]} 4. Nxd4
{[%clk 1:31:52]} Nf6 {[%clk 1:32:07]} 5. Nc3 {[%clk 1:32:18]} a6 {[%clk 1:32:33]}
6. Be2 {[%clk 1:32:23]} e5 {[%clk 1:32:51]} 7. Nb3 {[%clk 1:32:42]} Be7
{[%clk 1:32:30]} 8. O-O {[%clk 1:32:45]} O-O {[%clk 1:32:54]} 9. Kh1
{[%clk 1:33:04]} b5 {[%clk 1:32:05]} 10. a4 {[%clk 1:32:34]} b4 {[%clk 1:31:51]}
11. Nd5 {[%clk 1:32:44]} Bb7 {[%clk 1:30:04]} 12. Nxe7+ {[%clk 1:31:36]} Qxe7
{[%clk 1:30:27]} 13. f3 {[%clk 1:32:00]} d5 {[%clk 1:25:53]} 14. exd5
{[%clk 1:32:02]} Bxd5 {[%clk 1:25:00]} 15. Bg5 {[%clk 1:31:11]} Rd8
{[%clk 1:22:32]} 16. Qe1 {[%clk 1:31:33]} Nbd7 {[%clk 1:17:51]} 17. a5
{[%clk 1:08:44]} h6 {[%clk 1:11:36]} 18. Be3 {[%clk 0:56:29]} Bb7
{[%clk 1:02:10]} 19. Rd1 {[%clk 0:52:13]} Nd5 {[%clk 0:59:57]} 20. Bc4
{[%clk 0:51:14]} Nxe3 {[%clk 0:58:36]} 21. Qxe3 {[%clk 0:51:39]} Rac8
{[%clk 0:55:38]} 22. Qe2 {[%clk 0:48:54]} Nb8 {[%clk 0:41:04]} 23. Rxd8+
{[%clk 0:32:00]} Rxd8 {[%clk 0:41:27]} 24. Re1 {[%clk 0:31:18]} Qd6
{[%clk 0:31:01]} 25. Qe3 {[%clk 0:22:54]} Nd7 {[%clk 0:28:24]} 26. Bd3
{[%clk 0:15:23]} Bd5 {[%clk 0:24:03]} 27. Rd1 {[%clk 0:12:35]} Qc6
{[%clk 0:20:17]} 28. Bf5 {[%clk 0:10:33]} Nf6 {[%clk 0:16:57]} 29. Be4
{[%clk 0:01:57]} Qc7 {[%clk 0:12:01]} 30. Qb6 {[%clk 0:00:42]} Qe7
{[%clk 0:05:59]} 31. Bxd5 {[%clk 0:01:04]} Nxd5 {[%clk 0:06:16]} 32. Qxa6
{[%clk 0:01:07]} Nf4 {[%clk 0:04:28]} 33. Rxd8+ {[%clk 0:01:13]} Qxd8
{[%clk 0:04:53]} 34. Qf1 {[%clk 0:01:29]} Qc7 {[%clk 0:03:52]} 35. Qd1
{[%clk 0:01:22]} Qc6 {[%clk 0:03:07]} 36. Qd8+ {[%clk 0:01:04]} Kh7
{[%clk 0:03:30]} 37. Qd2 {[%clk 0:01:11]} Qc4 {[%clk 0:03:19]} 38. Kg1
{[%clk 0:01:12]} g6 {[%clk 0:02:38]} 39. g3 {[%clk 0:01:22]} Ne6 {[%clk 0:01:42]}
40. Qd3 {[%clk 0:01:18]} Qc6 {[%clk 0:01:43]} 41. Kf1 {[%clk 0:18:56]} Nc7
{[%clk 0:27:19]} 42. Nd2 {[%clk 0:13:31]} Nb5 {[%clk 0:24:46]} 43. Qc4
{[%clk 0:11:05]} Qd7 {[%clk 0:21:40]} 44. Qxb4 {[%clk 0:10:22]} Nd4
{[%clk 0:21:23]} 45. Qc4 {[%clk 0:07:24]} Nf5 {[%clk 0:20:02]} 46. Qd3
{[%clk 0:07:16]} Qa4 {[%clk 0:19:27]} 47. Nc4 {[%clk 0:04:50]} Qxc4
{[%clk 0:17:47]} 48. Qxc4 {[%clk 0:05:03]} Ne3+ {[%clk 0:18:14]} 49. Ke2
{[%clk 0:05:16]} Nxc4 {[%clk 0:18:40]} 50. b4 {[%clk 0:05:41]} Kg7
{[%clk 0:17:48]} 51. Kd3 {[%clk 0:05:46]} Nd6 {[%clk 0:18:11]} 52. a6
{[%clk 0:04:00]} Nc8 {[%clk 0:17:52]} 53. b5 {[%clk 0:03:05]} Kf6
{[%clk 0:16:37]} 54. c4 {[%clk 0:02:50]} Ke6 {[%clk 0:14:04]} 55. c5
{[%clk 0:02:48]} Kd5 {[%clk 0:12:53]} 56. b6 {[%clk 0:02:38]} 1-0

[Event "MITROPA Cup 2014 WOMEN Section"]
[Site "Ruzomberok SLOVAKIA"]
[Date "2014.05.31"]
[Round "9"]
[Board "2"]
[White "Miturova, Magdalena"]
[Black "Milcova, Zuzana"]
[Result "1/2-1/2"]
[WhiteElo "2060"]
[BlackElo "2025"]
[PlyCount "0"]
[EventDate "2014.05.23"]
[EventType "team"]
[EventRounds "9"]
[EventCountry "SVK"]
[WhiteTeam "Czech republic B"]
[BlackTeam "Slovakia B"]

1. e4 {[%clk 1:30:57]} d5 {[%clk 1:30:56]} 2. exd5 {[%clk 1:31:21]} Nf6
{[%clk 1:31:20]} 3. d4 {[%clk 1:31:40]} Nxd5 {[%clk 1:31:46]} 4. Nf3
{[%clk 1:31:58]} Bg4 {[%clk 1:32:02]} 5. h3 {[%clk 1:32:17]} Bxf3
{[%clk 1:32:10]} 6. Qxf3 {[%clk 1:32:39]} c6 {[%clk 1:32:29]} 7. Be2
{[%clk 1:28:10]} e6 {[%clk 1:32:17]} 8. O-O {[%clk 1:27:51]} Be7 {[%clk 1:31:44]}
9. c4 {[%clk 1:27:29]} Nb6 {[%clk 1:29:39]} 10. Be3 {[%clk 1:26:05]} N8d7
{[%clk 1:28:18]} 11. Nc3 {[%clk 1:23:33]} O-O {[%clk 1:25:51]} 12. Rfd1
{[%clk 1:19:19]} Nf6 {[%clk 1:19:32]} 13. Bf4 {[%clk 1:17:33]} Re8
{[%clk 1:08:38]} 14. Qg3 {[%clk 1:15:02]} Bf8 {[%clk 0:54:23]} 15. a4
{[%clk 1:14:49]} Nc8 {[%clk 0:49:33]} 16. d5 {[%clk 1:09:02]} exd5
{[%clk 0:42:19]} 17. cxd5 {[%clk 1:09:09]} Nxd5 {[%clk 0:39:08]} 18. Nxd5
{[%clk 1:08:50]} cxd5 {[%clk 0:38:07]} 19. Bb5 {[%clk 1:02:41]} Re6
{[%clk 0:32:07]} 20. Bc7 {[%clk 1:01:24]} Qe7 {[%clk 0:28:20]} 21. Rxd5
{[%clk 0:57:25]} Nd6 {[%clk 0:27:48]} 22. Bxd6 {[%clk 0:55:59]} Rxd6
{[%clk 0:26:48]} 23. Rxd6 {[%clk 0:52:22]} Qxd6 {[%clk 0:27:16]} 24. Qf3
{[%clk 0:52:41]} Qc7 {[%clk 0:21:03]} 25. b3 {[%clk 0:45:54]} Rd8
{[%clk 0:18:02]} 26. Re1 {[%clk 0:44:53]} g6 {[%clk 0:10:13]} 27. Bc4
{[%clk 0:45:03]} Bb4 {[%clk 0:08:12]} 28. Rd1 {[%clk 0:44:43]} Rxd1+
{[%clk 0:08:13]} 29. Qxd1 {[%clk 0:45:11]} Qe7 {[%clk 0:07:21]} 30. g3
{[%clk 0:44:07]} Qe1+ {[%clk 0:07:20]} 1/2-1/2

[Event "MITROPA Cup 2014 WOMEN Section"]
[Site "Ruzomberok SLOVAKIA"]
[Date "2014.05.31"]
[Round "9"]
[Board "1"]
[White "Novosadova, Kristyna"]
[Black "Exler, Veronika"]
[Result "0-1"]
[WhiteElo "2205"]
[BlackElo "2156"]
[PlyCount "0"]
[EventDate "2014.05.23"]
[EventType "team"]
[EventRounds "9"]
[EventCountry "SVK"]
[WhiteTeam "Czech republic A"]
[BlackTeam "Austria"]

1. e4 {[%clk 1:30:56]} e5 {[%clk 1:30:56]} 2. Nc3 {[%clk 1:31:16]} Nf6
{[%clk 1:31:06]} 3. g3 {[%clk 1:31:28]} Nc6 {[%clk 1:31:22]} 4. Bg2
{[%clk 1:31:47]} Bc5 {[%clk 1:31:32]} 5. d3 {[%clk 1:31:26]} a6 {[%clk 1:27:12]}
6. Nf3 {[%clk 1:31:25]} d6 {[%clk 1:27:26]} 7. h3 {[%clk 1:31:05]} O-O
{[%clk 1:27:35]} 8. O-O {[%clk 1:31:30]} h6 {[%clk 1:19:38]} 9. Nh4
{[%clk 1:30:48]} Be6 {[%clk 1:14:14]} 10. Be3 {[%clk 1:16:34]} Qd7
{[%clk 1:06:32]} 11. Kh2 {[%clk 1:15:26]} Kh7 {[%clk 0:49:55]} 12. Bxc5
{[%clk 1:12:05]} dxc5 {[%clk 0:50:20]} 13. f4 {[%clk 1:12:21]} Qd6
{[%clk 0:44:38]} 14. Nf5 {[%clk 0:56:34]} Bxf5 {[%clk 0:42:28]} 15. exf5
{[%clk 0:56:28]} exf4 {[%clk 0:42:52]} 16. Rxf4 {[%clk 0:56:27]} Rfe8
{[%clk 0:40:43]} 17. Ne4 {[%clk 0:51:03]} Qe5 {[%clk 0:37:02]} 18. Qg1
{[%clk 0:47:13]} Nxe4 {[%clk 0:29:30]} 19. Bxe4 {[%clk 0:45:57]} Qxb2
{[%clk 0:28:47]} 20. Rb1 {[%clk 0:44:26]} Qxc2+ {[%clk 0:29:13]} 21. Rf2
{[%clk 0:44:32]} Qa4 {[%clk 0:29:26]} 22. Rxb7 {[%clk 0:44:31]} Rac8
{[%clk 0:28:49]} 23. f6+ {[%clk 0:34:10]} g6 {[%clk 0:28:09]} 24. Qc1
{[%clk 0:32:56]} Qd4 {[%clk 0:04:02]} 25. Rf4 {[%clk 0:30:52]} Rxe4
{[%clk 0:04:31]} 26. dxe4 {[%clk 0:29:35]} Nb4 {[%clk 0:04:26]} 27. Qh1
{[%clk 0:17:43]} Rd8 {[%clk 0:02:54]} 28. Rxc7 {[%clk 0:10:40]} Qb2+
{[%clk 0:03:23]} 29. Qg2 {[%clk 0:08:23]} Rd2 {[%clk 0:03:51]} 30. Rxf7+
{[%clk 0:08:44]} Kg8 {[%clk 0:04:17]} 31. Rg7+ {[%clk 0:09:00]} Kf8
{[%clk 0:04:46]} 32. Qxd2 {[%clk 0:09:12]} Qxd2+ {[%clk 0:05:14]} 33. Kg1
{[%clk 0:08:46]} Qe1+ {[%clk 0:04:55]} 34. Kg2 {[%clk 0:06:26]} Nd3
{[%clk 0:05:13]} 35. Rf1 {[%clk 0:06:06]} Qxe4+ {[%clk 0:04:23]} 36. Kg1
{[%clk 0:05:25]} Qe3+ {[%clk 0:02:14]} 37. Kh1 {[%clk 0:04:38]} Qxg3
{[%clk 0:02:03]} 0-1

[Event "MITROPA Cup 2014 WOMEN Section"]
[Site "Ruzomberok SLOVAKIA"]
[Date "2014.05.31"]
[Round "9"]
[Board "2"]
[White "Hapala, Lisa"]
[Black "Mareckova, Martina"]
[Result "1-0"]
[WhiteElo "2062"]
[BlackElo "2114"]
[PlyCount "0"]
[EventDate "2014.05.23"]
[EventType "team"]
[EventRounds "9"]
[EventCountry "SVK"]
[WhiteTeam "Austria"]
[BlackTeam "Czech republic A"]

1. e4 {[%clk 1:30:59]} e5 {[%clk 1:30:51]} 2. Nf3 {[%clk 1:31:24]} Nc6
{[%clk 1:30:54]} 3. Bb5 {[%clk 1:31:48]} a6 {[%clk 1:31:20]} 4. Ba4
{[%clk 1:32:14]} d6 {[%clk 1:30:24]} 5. O-O {[%clk 1:32:26]} Nf6 {[%clk 1:30:42]}
6. Re1 {[%clk 1:32:42]} Bg4 {[%clk 1:30:38]} 7. c3 {[%clk 1:31:39]} Be7
{[%clk 1:28:58]} 8. h3 {[%clk 1:29:33]} Bh5 {[%clk 1:29:14]} 9. d3
{[%clk 1:28:58]} Nd7 {[%clk 1:23:32]} 10. Nbd2 {[%clk 1:28:50]} Nc5
{[%clk 1:22:21]} 11. Bc2 {[%clk 1:24:09]} Ne6 {[%clk 1:22:32]} 12. Nf1
{[%clk 1:24:07]} O-O {[%clk 1:22:15]} 13. Ng3 {[%clk 1:24:24]} Bxf3
{[%clk 1:22:32]} 14. Qxf3 {[%clk 1:24:50]} Bg5 {[%clk 1:22:57]} 15. Be3
{[%clk 1:24:59]} Bxe3 {[%clk 1:21:29]} 16. fxe3 {[%clk 1:24:47]} g6
{[%clk 1:21:09]} 17. Rf1 {[%clk 1:21:54]} Qh4 {[%clk 1:17:12]} 18. Kh2
{[%clk 1:07:18]} Rae8 {[%clk 1:03:23]} 19. Rf2 {[%clk 1:05:33]} Ng5
{[%clk 0:58:50]} 20. Qe2 {[%clk 1:04:59]} Ne7 {[%clk 0:44:26]} 21. d4
{[%clk 0:50:21]} exd4 {[%clk 0:22:04]} 22. exd4 {[%clk 0:45:16]} Nc6
{[%clk 0:16:54]} 23. Raf1 {[%clk 0:30:39]} Nxe4 {[%clk 0:07:22]} 24. Nxe4
{[%clk 0:29:52]} d5 {[%clk 0:07:36]} 25. Rf4 {[%clk 0:22:52]} Qd8
{[%clk 0:07:46]} 26. Qf3 {[%clk 0:09:05]} dxe4 {[%clk 0:08:09]} 27. Rxe4
{[%clk 0:09:05]} Qd6+ {[%clk 0:06:55]} 28. Kh1 {[%clk 0:09:07]} Rxe4
{[%clk 0:03:26]} 29. Bxe4 {[%clk 0:07:49]} f5 {[%clk 0:02:12]} 30. Bd5+
{[%clk 0:06:44]} Kg7 {[%clk 0:02:23]} 31. Re1 {[%clk 0:07:06]} Rf6
{[%clk 0:01:13]} 32. a3 {[%clk 0:03:46]} Qd7 {[%clk 0:01:06]} 33. Ba2
{[%clk 0:03:24]} Rf8 {[%clk 0:00:48]} 34. Qe2 {[%clk 0:00:44]} Rd8
{[%clk 0:00:36]} 35. d5 {[%clk 0:00:41]} Nb8 {[%clk 0:00:40]} 36. Qe5+
{[%clk 0:00:42]} Kh6 {[%clk 0:00:44]} 37. Qf4+ {[%clk 0:00:42]} Kg7
{[%clk 0:01:09]} 38. Qd4+ {[%clk 0:01:04]} Kh6 {[%clk 0:00:39]} 39. Qh4+
{[%clk 0:01:27]} 1-0

[Event "MITROPA Cup 2014 WOMEN Section"]
[Site "Ruzomberok SLOVAKIA"]
[Date "2014.05.31"]
[Round "9"]
[Board "1"]
[White "Fuchs, Judith"]
[Black "Dudas, Eszter"]
[Result "1-0"]
[WhiteElo "2304"]
[BlackElo "2227"]
[PlyCount "0"]
[EventDate "2014.05.23"]
[EventType "team"]
[EventRounds "9"]
[EventCountry "SVK"]
[WhiteTeam "Germany"]
[BlackTeam "Hungary"]

1. e4 {[%clk 1:30:57]} e6 {[%clk 1:30:54]} 2. d3 {[%clk 1:31:22]} d5
{[%clk 1:30:50]} 3. Nd2 {[%clk 1:31:44]} c5 {[%clk 1:30:18]} 4. g3
{[%clk 1:31:12]} Nc6 {[%clk 1:30:19]} 5. Bg2 {[%clk 1:31:34]} Nge7
{[%clk 1:28:27]} 6. Ngf3 {[%clk 1:30:03]} g6 {[%clk 1:28:17]} 7. h4
{[%clk 1:26:02]} h5 {[%clk 1:19:58]} 8. O-O {[%clk 1:26:04]} Bg7 {[%clk 1:20:19]}
9. Re1 {[%clk 1:22:51]} Qc7 {[%clk 1:12:24]} 10. c3 {[%clk 1:16:54]} O-O
{[%clk 1:10:52]} 11. Qe2 {[%clk 1:14:11]} b6 {[%clk 0:53:30]} 12. Nf1
{[%clk 1:08:06]} Ba6 13. e5 {[%clk 1:05:09]} Nf5 {[%clk 0:46:07]} 14. Bf4
{[%clk 1:04:15]} b5 {[%clk 0:44:21]} 15. Qd2 {[%clk 0:57:31]} b4 {[%clk 0:40:22]}
16. Ne3 {[%clk 0:52:14]} bxc3 {[%clk 0:36:35]} 17. bxc3 {[%clk 0:52:24]} Nxe3
{[%clk 0:36:17]} 18. Qxe3 {[%clk 0:51:10]} Qa5 {[%clk 0:33:46]} 19. Rec1
{[%clk 0:44:24]} Rab8 {[%clk 0:32:14]} 20. g4 {[%clk 0:40:39]} hxg4
{[%clk 0:30:57]} 21. Nh2 {[%clk 0:40:48]} d4 {[%clk 0:20:01]} 22. Qg3
{[%clk 0:34:19]} Ne7 {[%clk 0:20:16]} 23. c4 {[%clk 0:33:05]} Nf5
{[%clk 0:19:48]} 24. Qxg4 {[%clk 0:33:27]} Qd8 {[%clk 0:17:28]} 25. Nf3
{[%clk 0:26:46]} Bb7 {[%clk 0:11:37]} 26. Ng5 {[%clk 0:24:45]} Qc7
{[%clk 0:10:59]} 27. Re1 {[%clk 0:20:59]} Rfc8 {[%clk 0:10:53]} 28. h5
{[%clk 0:18:42]} gxh5 {[%clk 0:11:11]} 29. Qxh5 {[%clk 0:18:49]} Bxg2
{[%clk 0:09:11]} 30. Kxg2 {[%clk 0:18:59]} Rb2 {[%clk 0:09:24]} 31. Ne4
{[%clk 0:11:59]} Kf8 {[%clk 0:07:51]} 32. Nf6 {[%clk 0:09:19]} Qb7+
{[%clk 0:08:17]} 33. Kg1 {[%clk 0:09:21]} Rb8 {[%clk 0:06:31]} 34. Bg5
{[%clk 0:06:50]} a5 {[%clk 0:05:01]} 35. Qh7 {[%clk 0:05:40]} Bxf6
{[%clk 0:02:02]} 36. exf6 {[%clk 0:05:14]} Ke8 {[%clk 0:02:04]} 37. Qg8+
{[%clk 0:05:16]} Kd7 {[%clk 0:02:30]} 38. Qxf7+ {[%clk 0:05:39]} Kc6
{[%clk 0:02:09]} 39. Qxe6+ {[%clk 0:05:25]} Nd6 {[%clk 0:02:30]} 40. Qd5+
{[%clk 0:05:23]} 1-0

[Event "MITROPA Cup 2014 WOMEN Section"]
[Site "Ruzomberok SLOVAKIA"]
[Date "2014.05.31"]
[Round "9"]
[Board "2"]
[White "Varga, Melinda"]
[Black "Osmanodja, Filiz"]
[Result "0-1"]
[WhiteElo "2163"]
[BlackElo "2271"]
[PlyCount "0"]
[EventDate "2014.05.23"]
[EventType "team"]
[EventRounds "9"]
[EventCountry "SVK"]
[WhiteTeam "Hungary"]
[BlackTeam "Germany"]

1. Nf3 {[%clk 1:30:59]} d5 {[%clk 1:30:49]} 2. g3 {[%clk 1:31:23]} e6
{[%clk 1:31:17]} 3. Bg2 {[%clk 1:31:46]} b5 {[%clk 1:31:43]} 4. d4
{[%clk 1:27:21]} Nf6 {[%clk 1:30:50]} 5. O-O {[%clk 1:27:38]} c5 {[%clk 1:30:03]}
6. b3 {[%clk 1:24:24]} Bb7 {[%clk 1:26:48]} 7. Ne5 {[%clk 1:19:01]} Nbd7
{[%clk 1:18:36]} 8. c4 {[%clk 1:13:36]} b4 {[%clk 1:11:24]} 9. Bb2
{[%clk 1:09:03]} Be7 {[%clk 0:59:44]} 10. cxd5 {[%clk 1:04:50]} Nxd5
{[%clk 0:58:09]} 11. Nxd7 {[%clk 0:37:42]} Qxd7 {[%clk 0:58:00]} 12. dxc5
{[%clk 0:37:32]} O-O {[%clk 0:54:17]} 13. e4 {[%clk 0:37:08]} Nf6
{[%clk 0:53:25]} 14. Qe2 {[%clk 0:32:32]} Rfd8 {[%clk 0:43:53]} 15. Rc1
{[%clk 0:25:42]} Rac8 {[%clk 0:40:40]} 16. e5 {[%clk 0:19:18]} Nd5
{[%clk 0:39:56]} 17. a3 {[%clk 0:18:15]} Bxc5 {[%clk 0:33:08]} 18. Nd2
{[%clk 0:14:45]} bxa3 {[%clk 0:28:00]} 19. Bxa3 {[%clk 0:08:54]} Bxa3
{[%clk 0:27:04]} 20. Rxc8 {[%clk 0:08:13]} Qxc8 {[%clk 0:24:22]} 21. Ne4
{[%clk 0:07:37]} Nc3 {[%clk 0:14:53]} 22. Nf6+ {[%clk 0:06:52]} gxf6
{[%clk 0:13:08]} 23. Qg4+ {[%clk 0:07:12]} Kh8 {[%clk 0:12:01]} 24. Qh4
{[%clk 0:06:45]} Be7 {[%clk 0:09:53]} 25. exf6 {[%clk 0:06:17]} Bf8
{[%clk 0:09:40]} 0-1